| 000 | 01308nam0a22002771 4500 | ||
|---|---|---|---|
| 001 | rc\4376593 | ||
| 005 | 20250612064130.0 | ||
| 021 |
_aRU _b[59-20667ж] |
||
| 035 | _a(NLR Aleph) 008545081 | ||
| 090 |
_a8371262 _c8371262 |
||
| 100 | _a20130416d1959 |||y0rusy50 ca | ||
| 101 | 0 | _arus | |
| 102 | _aRU | ||
| 105 | _aa j ||||| | ||
| 200 | 1 |
_aВопросы селекции и семеноводства _e[Сборник статей _eК 50-летию ин-та. 1909-1959 _fОтв. ред. канд. с.-х. наук В.И. Дидусь] |
|
| 210 |
_aХарьков _cБ. и. _d1959 |
||
| 215 |
_a188 с. _cил. _d27 |
||
| 225 | 1 |
_aМинистерство сельского хозяйства УССР. Украинская академия сельскохозяйственных наук. Украинский научно-исследовательский институт растениеводства, селекции и генетики. Труды _vТ. 3 |
|
| 606 |
_aСелекция сельскохозяйственных культур _jСборники _2psbo |
||
| 606 |
_aСеменоводство _jСборники _2psbo |
||
| 702 | 1 |
_aДидусь _bВ.И. _4340 |
|
| 801 | 0 |
_aRU _bNLR _gpsbo |
|
| 801 | 1 |
_aRU _bELAR _2rusmarc |
|
| 852 |
_aNLR _jП14/609 |
||
| 942 | _cBOOK | ||
| 980 | _aNB | ||